书目信息 |
| 题名: |
低碳建筑材料与构造
|
|
| 作者: | 崔艳秋 , 何泉 主编 | |
| 分册: | ||
| 出版信息: | 北京 中国建筑工业出版社 2024.12 |
|
| 页数: | 293页 | |
| 开本: | 26cm | |
| 丛书名: | 高等学校碳中和城市与低碳建筑设计系列教材 | |
| 单 册: | ||
| 中图分类: | TU5-43 | |
| 科图分类: | ||
| 主题词: | 建筑材料 | |
| 电子资源: | ||
| ISBN: | 978-7-112-30656-5 | |
| 000 | 00958nam0 2200265 450 | |
| 001 | 2534540553 | |
| 005 | 20251204093851.72 | |
| 010 | @a978-7-112-30656-5@dCNY69.00 | |
| 100 | @a20251204d2024 km y0chiy0120 ea | |
| 101 | 0 | @achi |
| 102 | @aCN@b110000 | |
| 200 | 1 | @a低碳建筑材料与构造@ADi Tan Jian Zhu Cai Liao Yu Gou Zao@f崔艳秋, 何泉主编@FCui Yan Qiu,He Quan Zhu Bian |
| 210 | @a北京@c中国建筑工业出版社@d2024.12 | |
| 215 | @a293页@d26cm | |
| 225 | 2 | @a高等学校碳中和城市与低碳建筑设计系列教材 |
| 300 | @a本书内容涵盖了低碳材料选型、构造设计原理、建造施工方法以及典型工程案例等。 | |
| 410 | 0 | @12001 @a高等学校碳中和城市与低碳建筑设计系列教材 |
| 503 | @n河南城建学院图书馆 | |
| 510 | 1 | @a= Low-carbon building materials and construction |
| 606 | 0 | @a建筑材料 |
| 690 | @aTU5-43@v4 | |
| 701 | 0 | @a崔艳秋@ACui Yan Qiu@4主编 |
| 701 | 0 | @a何泉@AHe Quan@4主编 |
| 801 | 0 | @aCN@b大连网信软件有限公司图书馆·11@c20251204 |
| 905 | @aZUCC@dTU5-43@eC979 | |
| 低碳建筑材料与构造/崔艳秋, 何泉主编.-北京:中国建筑工业出版社,2024.12 |
| 293页;26cm.-(高等学校碳中和城市与低碳建筑设计系列教材) |
| 本书内容涵盖了低碳材料选型、构造设计原理、建造施工方法以及典型工程案例等。 |
| ISBN 978-7-112-30656-5:CNY69.00 |
| ● |
| 相关链接 |
|
|
|
正题名:低碳建筑材料与构造
索取号:TU5-43/C979
 
预约/预借
| 序号 | 登录号 | 条形码 | 馆藏地/架位号 | 状态 | 备注 |
| 1 | 1556522 | 215565225 | 建筑与城市规划学院资料室/ [索取号:TU5-43/C979] | 在馆 | |
| 2 | 1556523 | 215565234 | 建筑与城市规划学院资料室/ [索取号:TU5-43/C979] | 在馆 |